000 00304nam a22001337a 4500
008 170607b xxu||||| |||| 00| 0 eng d
020 _a9780230111349
041 _aeng
080 _a32
100 _a18
101 _aSHP
245 _aCIVIC PARTICIPATION IN AMERICA
_cJEFFREY.TH
942 _2udc
_cBK
999 _c16293
_d16293